000 01397nam a2200325 c 4500
999 _c162670
_d162670
003 BLK
005 20230406112341.0
008 180410b bul|||||r ||||||| ||bul||
010 _aKNG00170050000
020 _a954-418-001-Х
040 _aBLK
041 _aBUL
_cBUL
080 _aАмериканска литература (на САЩ)
_b821.111(73)
_x-31
_z821.111(73)-31
100 1 _aЛукас, Джордж
_eпърви автор
_9370935
139 _aЛукас, Джордж
_bЛ 86
245 1 0 _aМеждузвездни войни : Из приключенията на Люк Скайуокър
_bРоман
_cДжордж Лукас; прев. от англ. Златозар Керчев.
257 _aUSA
260 _aВарна
_bГалактика
_c1991
_fСофия : ДФ Г. Димитров
_9209510
_n954-418-
300 _a224 с.
_c17 см
380 _aX
490 _aБиблиотека Галактика
_9201894
490 _aСерия Кино
_v1
_9202645
500 _aПрев. направен от Star Warл - 30 200 тир.
700 1 _aКерчев, Златозар
_eпрев. от англ.
_9363981
852 _aЦб І 25169
856 4 _qpdf
_i0.00
_ldisable
856 4 _qpdf
_i0.00
_ldisable
942 _cKNG
_n0
_s1
944 _aCR
_c23.01.2015
_l23.01.2015 - от С1,Р / 23.01.2015
_kКамелия_Данева
944 _aED
_c23.01.2015
_l23.01.2015 - от С1,Р / 23.01.2015
999 _d162670